Central Library OPAC University of Rajshahi

সিলেটের উপভাষা : (Record no. 39102)

MARC details
000 -LEADER
fixed length control field 00993nam a2200253 a 4500
001 - CONTROL NUMBER
control field 39102
003 - CONTROL NUMBER IDENTIFIER
rucl marc code BD-RjUL
005 - DATE AND TIME OF LATEST TRANSACTION
control field 20211209052922.0
008 - FIXED-LENGTH DATA ELEMENTS--GENERAL INFORMATION
fixed length control field 160404s2008 bg ||||e |||| 00| 0 ben d
020 ## - INTERNATIONAL STANDARD BOOK NUMBER
International Standard Book Number 9840746979
Terms of availability : Tk. 160.00
035 ## - SYSTEM CONTROL NUMBER
System control number (BD-RjUL)
040 ## - CATALOGING SOURCE
Original cataloging agency BD-RjUL
Language of cataloging ben
Transcribing agency BD-RjUL
041 ## - LANGUAGE CODE
Language code of text/sound track or separate title ben
082 ## - DEWEY DECIMAL CLASSIFICATION NUMBER
Edition number 23
Classification number 491.447
Author mark and year BAS 2008
100 ## - MAIN ENTRY--PERSONAL NAME
Personal name বাসিত, নূর-ই-ইসলাম সেলু
9 (RLIN) 120664
245 10 - TITLE STATEMENT
Title সিলেটের উপভাষা :
Remainder of title সাংগঠনিক বিশ্লেষণ /
Statement of responsibility, etc. নূর-ই-ই ইসলাম সেলু বাসিত
260 ## - PUBLICATION, DISTRIBUTION, ETC. (IMPRINT)
Place of publication, distribution, etc. ঢাকা :
Name of publisher, distributor, etc. বাংলা একাডেমী,
Date of publication, distribution, etc. ২০০৮
300 ## - PHYSICAL DESCRIPTION
Pagination ৯, [৩], ২৪৪ পৃ. ;
Size ২২ সেমি.
490 ## - SERIES STATEMENT
Series statement বাএ ;
Volume/sequential designation ৪৬৮৮
650 ## - SUBJECT ADDED ENTRY--TOPICAL TERM
Topical term or geographic name as entry element বাংলা ভাষা
Form subdivision উপভাষা
9 (RLIN) 130656
Topical term or geographic name as entry element Bengali Language
Form subdivision Dialects
9 (RLIN) 130657
830 ## - SERIES ADDED ENTRY--UNIFORM TITLE
Uniform title বাএ ;
Volume number/sequential designation ৪৬৮৮
942 ## - ADDED ENTRY ELEMENTS (KOHA)
Source of classification or shelving scheme Dewey Decimal Classification
Koha item type Books
Holdings
Lost status Source of classification or shelving scheme Damaged status Not for loan Collection code Permanent Location Current Location Shelving location Date acquired Source of acquisition Cost, normal purchase price Total Checkouts Full call number Date last seen Copy number Koha item type Date checked out
  Dewey Decimal Classification   Not For Loan Non-fiction Central Library, University of Rajshahi Central Library, University of Rajshahi Reading Room 23/06/2013 Bangla Academy, Dhaka 160.00   B 491.447 BAS 2008 04/04/2016 C-1 Books  
  Dewey Decimal Classification     Non-fiction Central Library, University of Rajshahi Central Library, University of Rajshahi   23/06/2013 Bangla Academy, Dhaka 160.00 1 B 491.447 BAS 2008 07/08/2022 C-2 Books 02/08/2022
  Dewey Decimal Classification     Non-fiction Central Library, University of Rajshahi Central Library, University of Rajshahi   23/06/2013 Bangla Academy, Dhaka 160.00 1 B 491.447 BAS 2008 12/09/2022 C-3 Books 25/08/2022